Loading...
| LEADER | 00545nam a22001811a 4500 | ||
|---|---|---|---|
| 020 | |c 0.00 | ||
| 040 | |a SSUS - Library - Kalady | ||
| 082 | |a M 530 |b SRE/S | ||
| 100 | |a Sreenath C Neelakandan | ||
| 245 | |a Sunyagananam (Nullculation X0) |h [Text] | ||
| 260 | |c 2009 | ||
| 300 | |a 61p. | ||
| 600 | |a Physics | ||
| 600 | |a Sciences | ||
| 852 | |h M 530 |i SRE/S |p 065570 |9 30.00 |t 0 | ||
| 942 | |c BK | ||
| 999 | |c 45359 |d 45359 | ||
| 952 | |0 0 |1 0 |4 0 |6 M_530_000000000000000_SRE_S |7 0 |9 65442 |a SSUS |b SSUS |d 2015-01-08 |g 30.00 |o M 530 SRE/S |p 065570 |r 2015-01-08 |v 0.00 |w 2015-01-08 |y BK | ||